| 000 | 00852nab a2200265 u 4500 | ||
|---|---|---|---|
| 001 | 21101 | ||
| 003 | HDC | ||
| 007 | cr bn ---aaaaa | ||
| 008 | 210306c mydr|nes 0 a eng d | ||
| 040 | _aHDC | ||
| 100 |
_aFarrah Naz Karim _eauthor _918772 |
||
| 245 | 0 |
_aHELP DEVELOP HALAL SECTOR' / _cby Farrah Naz Karim |
|
| 260 |
_aMalaysia : _bNEW STRAITS TIMES, _c2016 |
||
| 300 | _a2 pages | ||
| 336 |
_atext _2rdacontent |
||
| 337 |
_acomputer _2rdamedia |
||
| 338 |
_aonline resource _2rdacarrier |
||
| 650 |
_aeconomy sector _914334 |
||
| 650 |
_ahalal industry _9144 |
||
| 710 | _aNEW STRAITS TIMES | ||
| 856 | _zRequest full-text at [email protected] | ||
| 942 | _2lcc | ||
| 942 | _cNEWS | ||
| 942 | _kNWSC 010367 | ||
| 999 |
_c18417 _d18417 |
||